[Event "PRO League Group Stage"]
[Site "chess.com INT"]
[Date "2020.02.17"]
[Round "7"]
[White "Grischuk,A"]
[Black "Nakamura,Hi"]
[Result "1-0"]
[WhiteElo "2777"]
[BlackElo "2736"]

1.d4 Nf6 2.c4 g6 3.g3 Bg7 4.Bg2 O-O 5.Nc3 d6 6.Nf3 Nc6 7.O-O Bg4 8.d5 Na5
9.Nd2 c5 10.Qc2 a6 11.h3 Bd7 12.b3 b5 13.Bb2 Rb8 14.Nd1 Qc8 15.Kh2 e6 16.e4 bxc4
17.bxc4 Rb4 18.Bc3 Rxc4 19.Nxc4 Nxc4 20.dxe6 fxe6 21.Rc1 e5 22.Bd2 Be6 23.Ne3 Na3
24.Qd3 Nb5 25.Nc4 Qc6 26.f4 Nd7 27.f5 Bf7 28.Bg5 Re8 29.fxg6 hxg6 30.Rxf7 Kxf7
31.Na5 Qc8 32.Qd5+ Re6 33.Rf1+ Bf6 34.h4 Nc7 35.Qb3 Kg7 36.Bh3 Qe8 37.Bxe6 Nxe6
38.Bxf6+ Nxf6 39.Qb7+ Qd7 40.Qxd7+ Nxd7 41.Nc4 Nf6 42.Nxd6 g5 43.h5 Nxh5
44.Rf7+ Kg8 45.Ra7 Nf6 46.Rxa6 Ng4+ 47.Kg2 Nd4 48.Nc4 Nc2 49.a4 Kf7 50.a5 Ke7
51.Rb6 Nge3+ 52.Nxe3 Nxe3+ 53.Kf3 Nc4 54.Rb7+ Kd6 55.a6 Kc6 56.Rb8  1-0

[Event "PRO League Group Stage"]
[Site "chess.com INT"]
[Date "2020.02.17"]
[Round "7"]
[White "Nakamura,Hi"]
[Black "Giri,A"]
[Result "1/2-1/2"]
[WhiteElo "2736"]
[BlackElo "2768"]

1.e4 e5 2.Nc3 Nf6 3.Bc4 Nc6 4.d3 Bb4 5.Ne2 d5 6.exd5 Nxd5 7.O-O Be6 8.a3 Bxc3
9.bxc3 O-O 10.Bxd5 Qxd5 11.Be3 b6 12.Qd2 Rad8 13.Ng3 f5 14.f4 e4 15.c4 Qa5
16.Rfd1 Qxd2 17.Rxd2 Na5 18.Rad1 c5 19.dxe4 Rxd2 20.Bxd2 Nxc4 21.exf5 Bc8
22.Bc1 h6 23.Kf2 Kh7 24.h3 a5 25.c3 a4 26.h4 Kg8 27.h5 Rf7 28.Rd8+ Rf8 29.Rd5 Rf7
30.Rd8+ Rf8 31.Rd3 Rf7 32.Kf3 Rd7 33.Rxd7 Bxd7 34.f6 gxf6 35.Nf1 f5 36.Ne3 Nd6
37.c4 Be6 38.Bb2 Nxc4 39.Nxc4 Bxc4 40.Be5 Bd5+ 41.Kf2 Bf7 42.Bc7 b5 43.Bd6 c4
44.Ke3 Bxh5 45.Kd4 Kf7 46.g3 Bf3 47.Bb4 Kg6 48.Kc3 Kh5 49.Bf8 Bc6 50.Kb4 Be8
51.Kc3 Kg6 52.Kd4 h5 53.Kc3 Kf7 54.Bb4 Ke6 55.Kd4  1/2-1/2

[Event "PRO League Group Stage"]
[Site "chess.com INT"]
[Date "2020.02.17"]
[Round "7"]
[White "Nakamura,Hi"]
[Black "Saric,Iv"]
[Result "1/2-1/2"]
[WhiteElo "2736"]
[BlackElo "2655"]

1.e4 c5 2.Nf3 Nc6 3.Bb5 g6 4.O-O Bg7 5.Re1 Nf6 6.e5 Nd5 7.Nc3 Nc7 8.Bxc6 dxc6
9.h3 O-O 10.d3 Ne6 11.Ne4 b6 12.a4 a5 13.b3 f5 14.exf6 exf6 15.Bb2 Ra7 16.Ned2 Re7
17.Nc4 Rfe8 18.Qd2 g5 19.Bc3 h5 20.Re3 Nf4 21.Rxe7 Rxe7 22.Re1 Nd5 23.Rxe7 Qxe7
24.Qe1 Kf8 25.Qxe7+ Kxe7 26.Bd2 Ba6 27.g4 hxg4 28.hxg4 Ke6 29.Kg2 Bf8 30.Ng1 Bd6
31.Nxd6 Kxd6 32.Ne2 Nb4 33.c4 Nxd3 34.Kg3 Nb4 35.f4 gxf4+ 36.Nxf4 b5 37.cxb5 cxb5
38.axb5 Bxb5 39.Bc3 Nd5  1/2-1/2

[Event "PRO League Group Stage"]
[Site "chess.com INT"]
[Date "2020.02.17"]
[Round "7"]
[White "Hansen,Eric"]
[Black "Nakamura,Hi"]
[Result "0-1"]
[WhiteElo "2606"]
[BlackElo "2736"]

1.e4 c6 2.Nc3 d5 3.Nf3 Bg4 4.h3 Bh5 5.d3 e6 6.Be2 Nd7 7.Bf4 Bb4 8.O-O Ne7
9.Ne5 Bxc3 10.bxc3 Bxe2 11.Qxe2 O-O 12.Nxd7 Qxd7 13.a4 Ng6 14.Bd2 e5 15.a5 f5
16.f3 Rf7 17.Be3 Qe6 18.exf5 Qxf5 19.Rab1 a6 20.Rb4 Rd8 21.c4 h6 22.Rfb1 Rdd7
23.cxd5 cxd5 24.Rb6 Kh7 25.Qe1 Rc7 26.R1b2 e4 27.fxe4 dxe4 28.d4 Rfd7 29.Kh2 Ne7
30.Qh4 Nd5 31.R6b3 Nxe3 32.Rxe3 Rxd4 33.Qg3 Qxa5 34.Qf4 Re7 35.c3 Rc4 36.Rbe2 Qe5  0-1

[Event "chess.com Speed 2019"]
[Site "chess.com INT"]
[Date "2020.02.21"]
[Round "4.27"]
[White "Nakamura,Hi"]
[Black "So,W"]
[Result "0-1"]
[WhiteElo "2745"]
[BlackElo "2767"]

1.b3 e5 2.Bb2 Nc6 3.e3 g6 4.Nf3 Bg7 5.d4 e4 6.Nfd2 f5 7.c4 Nf6 8.d5 Ne7 9.Nc3 d6
10.Ne2 O-O 11.Qc2 Qe8 12.h4 c6 13.dxc6 Nxc6 14.a3 Be6 15.Nf4 Bf7 16.Be2 Rd8
17.O-O Ne5 18.Rad1 Qe7 19.g3 h6 20.c5 d5 21.Kg2 g5 22.Nh3 Bh5 23.Rde1 Bxe2
24.Rxe2 Nh5 25.hxg5 hxg5 26.Rg1 f4 27.gxf4 gxf4 28.Kf1 f3 29.Re1 Nd3 30.Bxg7 Nxg7
31.Qc3 Nxe1 32.Kxe1 Qf6 33.Qxf6 Rxf6 34.Nf4 Kf7 35.b4 Ne6 36.Nxe6 Rxe6 37.Nb3 Rh8
38.Nd4 Rg6 39.Rf1 Rgh6 40.Nf5 Rh1  0-1

[Event "chess.com Speed 2019"]
[Site "chess.com INT"]
[Date "2020.02.21"]
[Round "4.15"]
[White "Nakamura,Hi"]
[Black "So,W"]
[Result "0-1"]
[WhiteElo "2745"]
[BlackElo "2767"]

1.e4 e5 2.Nf3 Nf6 3.Nc3 Nc6 4.a3 d5 5.exd5 Nxd5 6.Bb5 Nxc3 7.bxc3 Bd6 8.O-O O-O
9.Re1 Bg4 10.h3 Bh5 11.g4 Bg6 12.Bxc6 bxc6 13.Nxe5 Qh4 14.Kg2 Bxe5 15.Rxe5 f5
16.Qe2 fxg4 17.hxg4 Rf4 18.f3 Raf8 19.d4 Rxf3 20.Qxf3 Rxf3 21.Kxf3 Qh3+ 22.Kf2 Qxc3
23.Ra2  0-1

[Event "chess.com Speed 2019"]
[Site "chess.com INT"]
[Date "2020.02.21"]
[Round "4.26"]
[White "So,W"]
[Black "Nakamura,Hi"]
[Result "0-1"]
[WhiteElo "2767"]
[BlackElo "2745"]

1.e4 e5 2.Nf3 Nc6 3.Bb5 Nf6 4.d3 Bc5 5.Bxc6 dxc6 6.O-O Nd7 7.Nbd2 O-O 8.Nc4 Re8
9.a4 a5 10.b3 Bf8 11.Bb2 f6 12.Kh1 Nc5 13.Rg1 Ne6 14.g4 g5 15.h4 h6 16.Ne3 Nf4
17.Nf5 Bxf5 18.gxf5 Re7 19.Bc1 Rg7 20.Bxf4 exf4 21.Nh2 Kh8 22.Qh5 Qe8 23.Qxe8 Rxe8
24.Ng4 Rf7 25.hxg5 hxg5 26.Kg2 Bg7 27.Rh1+ Kg8 28.Kf3 c5 29.Rh5 Kf8 30.e5 fxe5
31.Rxg5 e4+  0-1

[Event "chess.com Speed 2019"]
[Site "chess.com INT"]
[Date "2020.02.21"]
[Round "4.2"]
[White "So,W"]
[Black "Nakamura,Hi"]
[Result "0-1"]
[WhiteElo "2767"]
[BlackElo "2745"]

1.e4 e5 2.Nf3 Nc6 3.Bc4 Bc5 4.O-O Nf6 5.d3 d6 6.c3 h6 7.Re1 O-O 8.h3 a5 9.Nbd2 Bb6
10.Nf1 Be6 11.Bb5 Ne7 12.d4 exd4 13.Nxd4 Bd7 14.Bxd7 Qxd7 15.Ng3 Ng6 16.Ngf5 Kh7
17.Qf3 Ng8 18.Qg4 Nf6 19.Qf3 Ng8 20.h4 c5 21.Nc2 Ne5 22.Qe2 c4 23.Be3 Bxe3
24.Ncxe3 g6 25.Nd4 b5 26.a4 bxa4 27.Nxc4 Rab8 28.Nxa5 Rfc8 29.f4 Ng4 30.Nac6 Rb6
31.Nb4 N8f6 32.Nf3 Rxb4 33.cxb4 Qa7+ 34.Kh1 Nxe4 35.Qxe4 Nf2+ 36.Kh2 Nxe4
37.Rxe4 Rc2 38.b5 Qf2 39.Rg1 Qxf3  0-1

[Event "chess.com Speed 2019"]
[Site "chess.com INT"]
[Date "2020.02.21"]
[Round "4.14"]
[White "So,W"]
[Black "Nakamura,Hi"]
[Result "1/2-1/2"]
[WhiteElo "2767"]
[BlackElo "2745"]

1.e4 e5 2.Nf3 Nc6 3.Bc4 Bc5 4.c3 Nf6 5.d3 d6 6.Nbd2 a5 7.O-O O-O 8.h3 h6
9.Re1 Bb6 10.Nf1 Be6 11.Bb5 Ne7 12.Ng3 Nd7 13.d4 f5 14.exf5 Nxf5 15.Nxf5 Rxf5
16.Bd3 Rf8 17.Be3 Bd5 18.Nh2 exd4 19.cxd4 Nf6 20.Ng4 Qd7 21.Bg6 Be6 22.Nxf6+ Rxf6
23.Qh5 Bf5 24.Bxf5 Rxf5 25.Qg4 Kh8 26.d5 Bxe3 27.Rxe3 Qf7 28.Rae1 Qxd5 29.Re7 Rg5
30.Qe4 Qxe4 31.R1xe4 Rc8 32.Rd7 Re5 33.Rf4 b6 34.Rff7 Rg8 35.Rxc7 Re1+ 36.Kh2 Re2
37.b3 Rxa2 38.Rb7 Rb2 39.Rxb6 a4 40.Rxd6 Rxb3 41.Ra6 Rb4 42.Rfa7 Rf8 43.Rxa4 Rxa4
44.Rxa4  1/2-1/2

[Event "chess.com Speed 2019"]
[Site "chess.com INT"]
[Date "2020.02.21"]
[Round "4.5"]
[White "Nakamura,Hi"]
[Black "So,W"]
[Result "1/2-1/2"]
[WhiteElo "2745"]
[BlackElo "2767"]

1.d4 Nf6 2.Nf3 g6 3.Nc3 d5 4.Bf4 Bg7 5.e3 O-O 6.h4 h5 7.Ne5 c5 8.dxc5 Nbd7
9.Nxd7 Bxd7 10.Be5 e6 11.Qd4 Rc8 12.Bd3 Ne8 13.Bxg7 Nxg7 14.e4 Bc6 15.O-O-O Re8
16.f4 Qa5 17.exd5 exd5 18.Nxd5 Bxd5 19.Qxd5 Rxc5 20.Qb3 Re6 21.Qa3 Qxa3 22.bxa3 Nf5
23.Bxf5 Rxf5 24.g3  1/2-1/2

[Event "chess.com Speed 2019"]
[Site "chess.com INT"]
[Date "2020.02.21"]
[Round "4.6"]
[White "So,W"]
[Black "Nakamura,Hi"]
[Result "1/2-1/2"]
[WhiteElo "2767"]
[BlackElo "2745"]

1.e4 e5 2.Nf3 Nc6 3.d4 exd4 4.Nxd4 Bc5 5.Nb3 Bb6 6.Nc3 Nf6 7.Bg5 O-O 8.Qf3 Nd4
9.Nxd4 Bxd4 10.O-O-O Bxc3 11.bxc3 Re8 12.Bc4 d6 13.h3 Qe7 14.Rhe1 Qe5 15.Bxf6 Qxf6
16.Qxf6 gxf6 17.Bd5 Rb8 18.Rd3 Be6 19.Kd2 b6 20.a3 Re7 21.Rf3 Kg7 22.Rg3+ Kf8
23.Rf3 Kg7 24.Rg3+ Kf8 25.Rf3 Kg7  1/2-1/2

[Event "chess.com Speed 2019"]
[Site "chess.com INT"]
[Date "2020.02.21"]
[Round "4.7"]
[White "Nakamura,Hi"]
[Black "So,W"]
[Result "1-0"]
[WhiteElo "2745"]
[BlackElo "2767"]

1.e4 e5 2.Nf3 Nf6 3.Nxe5 d6 4.Nf3 Nxe4 5.Nc3 Nxc3 6.dxc3 Be7 7.Be3 O-O 8.Bd3 Nd7
9.Qd2 Nc5 10.O-O-O Nxd3+ 11.Qxd3 Re8 12.h4 Qd7 13.Rde1 Qf5 14.Qd2 Bd7 15.Nd4 Qd5
16.Kb1 c5 17.Ne2 Qxd2 18.Bxd2 Bc6 19.f3 h5 20.c4 a6 21.Nf4 g6 22.Nd5 Bxd5
23.cxd5 Bf6 24.g3 Be5 25.Reg1 Bd4 26.Rg2 Re5 27.c3 Be3 28.f4 Ree8 29.Kc2 Kg7
30.g4 hxg4 31.Rxg4 Bxd2 32.Kxd2 Re4 33.h5 Rh8 34.Kd3 Rhe8 35.hxg6 c4+ 36.Kc2 Re2+
37.Kc1 f5 38.Rh7+ Kg8 39.Rg1 b5 40.Rd7 Rf2 41.g7 Rxf4 42.Rh1  1-0

[Event "chess.com Speed 2019"]
[Site "chess.com INT"]
[Date "2020.02.21"]
[Round "4.30"]
[White "So,W"]
[Black "Nakamura,Hi"]
[Result "1-0"]
[WhiteElo "2767"]
[BlackElo "2745"]

1.e4 e5 2.Nf3 Nc6 3.Bb5 Nf6 4.d3 Bc5 5.Bxc6 dxc6 6.O-O Nd7 7.Nbd2 O-O 8.Nc4 Re8
9.a4 Bd6 10.b3 Nf8 11.Bb2 Ng6 12.Kh1 b6 13.Ne3 Bc5 14.Nf5 f6 15.g4 Nf4 16.Bc1 g6
17.Ne3 Nh3 18.Qe2 Bxe3 19.fxe3 Bxg4 20.Qg2 Qd7 21.Qg3 Rf8 22.Bb2 c5 23.Nxe5 fxe5
24.Qxe5 Nf2+ 25.Kg1 Bf3 26.Qh8+ Kf7 27.Qxh7+ Ke6 28.Qxd7+ Kxd7 29.Rxf2 g5
30.h3 g4 31.hxg4 Bxg4 32.Raf1 Rxf2 33.Rxf2 Be6 34.Kf1 Rg8 35.Ke2 Rg1 36.Kd2 a6
37.Rh2 Rf1 38.Be5 Rf7 39.Rg2 b5 40.Rg7 Rxg7 41.Bxg7 c4 42.bxc4 bxc4 43.d4 c6
44.Kc3 Bf7 45.a5 Bg6 46.Kxc4 Bxe4 47.c3 Bg2 48.Kc5 Bf3 49.Be5 Bg2 50.Bg3 Bh1
51.c4 Bf3 52.d5 cxd5 53.cxd5  1-0

[Event "chess.com Speed 2019"]
[Site "chess.com INT"]
[Date "2020.02.21"]
[Round "4.28"]
[White "So,W"]
[Black "Nakamura,Hi"]
[Result "0-1"]
[WhiteElo "2767"]
[BlackElo "2745"]

1.e4 e5 2.Nf3 Nc6 3.Bb5 Nf6 4.d3 Bc5 5.Bxc6 dxc6 6.O-O Nd7 7.Nbd2 O-O 8.Nc4 Re8
9.a4 a5 10.b3 Nf8 11.Ncxe5 Rxe5 12.Nxe5 Bd4 13.Bf4 Qf6 14.Qd2 Bxe5 15.Bxe5 Qxe5
16.f4 Qd4+ 17.Kh1 f5 18.Rae1 Be6 19.exf5 Bxf5 20.Re5 Be6 21.Rxa5 Rxa5 22.Qxa5 Bd5
23.Qd2 Ng6 24.Qf2 Qc3 25.h3 Nf8 26.Qe2 h5 27.f5 h4 28.f6 gxf6 29.Qg4+ Kf7
30.Qxh4 Nd7 31.Qh7+ Ke8 32.Qh8+ Ke7 33.Qg7+ Kd6 34.Qg3+ Kc5 35.Qf2+ Kd6 36.Qg3+ Kc5
37.Qf2+ Kb4 38.Qe1 Qxe1 39.Rxe1 Kc3 40.Re2 Ne5 41.h4 Bf7 42.Kg1 c5 43.Kh2 Bh5
44.Re4 Kxc2 45.Rf4 Kxb3 46.Kg3 Nxd3 47.Rf5 Be8 48.Rxf6 c4 49.Rf3 Bg6 50.Kg4 c3
51.h5 Ne5+  0-1

[Event "chess.com Speed 2019"]
[Site "chess.com INT"]
[Date "2020.02.21"]
[Round "4.29"]
[White "Nakamura,Hi"]
[Black "So,W"]
[Result "1-0"]
[WhiteElo "2745"]
[BlackElo "2767"]

1.d4 Nf6 2.Nf3 g6 3.c4 Bg7 4.e3 O-O 5.Be2 c5 6.O-O cxd4 7.Nxd4 Nc6 8.Nc2 d5
9.Nc3 dxc4 10.Bxc4 Bf5 11.Qe2 Ne5 12.e4 Bg4 13.f3 Nxc4 14.Qxc4 Be6 15.Qe2 Rc8
16.Rd1 Qb6+ 17.Qf2 Qxf2+ 18.Kxf2 Nd7 19.Nd4 Bxd4+ 20.Rxd4 Ne5 21.Bf4 Nc6
22.Rd3 Rfd8 23.Rxd8+ Rxd8 24.a3 f6 25.Rd1 Rxd1 26.Nxd1 Bb3 27.Nc3 Kf7 28.Be3 a6
29.Ne2 e5 30.Nc3 Ke6 31.Bc5 h5 32.Bb6 Nb8 33.Nb1 Nd7 34.Be3 Kd6 35.Nd2 Be6
36.Ke2 Nb8 37.Kd3 Nc6 38.Kc3 b5 39.h4 Na5 40.Bh6 Kd7 41.Bf8 Nc4 42.Nb3 Ke8
43.Bh6 Nb6 44.Na5 Na4+ 45.Kc2 Nb6 46.b3 Kd7 47.Nb7 Kc6 48.Na5+ Kd7 49.Be3 Nc8
50.Nb7 Kc6 51.Nc5 Bf7 52.Nxa6 Nd6 53.Nb4+ Kd7 54.Nd3 Kc6 55.Kc3 Be6 56.Bd2 Bf7
57.Bh6 Be6 58.Bf8 Ne8 59.a4 bxa4 60.bxa4  1-0

[Event "chess.com Speed 2019"]
[Site "chess.com INT"]
[Date "2020.02.21"]
[Round "4.23"]
[White "Nakamura,Hi"]
[Black "So,W"]
[Result "1/2-1/2"]
[WhiteElo "2745"]
[BlackElo "2767"]

1.d4 Nf6 2.c4 e6 3.Nf3 d5 4.Nc3 Be7 5.Bf4 O-O 6.e3 Nbd7 7.c5 Nh5 8.Bd3 Nxf4
9.exf4 b6 10.b4 a5 11.a3 c6 12.O-O Ba6 13.Bxa6 Rxa6 14.Qe2 Ra7 15.g3 Bf6
16.Ne5 Bxe5 17.fxe5 Qa8 18.Rab1 axb4 19.axb4 Rb8 20.Qc2 Nf8 21.f4 Ng6 22.f5 exf5
23.Qxf5 bxc5 24.bxc5 Rxb1 25.Rxb1 Nf8 26.Rf1 Ne6 27.Ne2 Qb7 28.Rb1 Qa8 29.Rf1 h6
30.h4 Qb8 31.h5 Qb2 32.Rf2 Rb7 33.Kg2 Qb1 34.Qxb1 Rxb1 35.Rf1 Rb2 36.Kf3 Ng5+
37.Ke3 Rb3+ 38.Kf4 Ne6+ 39.Kg4 Re3 40.Nf4 Nxd4 41.Rb1 Rxe5 42.Rb8+ Kh7 43.Rb7 Rg5+
44.Kh3 Rf5 45.Kg4 Rg5+ 46.Kh3 Ne6 47.Rxf7 Nxc5 48.Rc7 Ne4 49.Ne6 Rxg3+ 50.Kh4 Rg1
51.Rxc6 Rh1+ 52.Kg4 Nf6+ 53.Kf3 Rxh5 54.Rc7 Re5 55.Rxg7+ Kh8 56.Re7 Re4 57.Nf4 Rxe7
58.Ng6+ Kg7 59.Nxe7 Kf7 60.Nf5 Kg6 61.Kf4 h5 62.Nh4+ Kf7 63.Ke5 Kg7 64.Ke6 d4
65.Nf5+ Kg6 66.Nxd4 Kg5 67.Nf3+ Kf4 68.Kxf6 Kxf3 69.Kg5 h4 70.Kxh4  1/2-1/2

[Event "chess.com Speed 2019"]
[Site "chess.com INT"]
[Date "2020.02.21"]
[Round "4.22"]
[White "So,W"]
[Black "Nakamura,Hi"]
[Result "1-0"]
[WhiteElo "2767"]
[BlackElo "2745"]

1.e4 e5 2.Nf3 Nc6 3.Bc4 Bc5 4.c3 Nf6 5.d3 d6 6.O-O h6 7.Re1 O-O 8.h3 a5 9.Nbd2 Bb6
10.Nf1 Be6 11.Bb5 Ne7 12.d4 exd4 13.Nxd4 Bd7 14.Bxd7 Qxd7 15.Ng3 Rae8 16.Qf3 Kh7
17.Be3 Ng6 18.c4 Nh4 19.Qf4 Ng6 20.Qf5 Qd8 21.Nf3 Bxe3 22.Rxe3 Kg8 23.Qxa5 Qd7
24.Qc3 Nf4 25.Rae1 Qa4 26.b3 Qd7 27.Nf5 Qd8 28.N3d4 Kh7 29.Qd2 c5 30.Nb5  1-0

[Event "chess.com Speed 2019"]
[Site "chess.com INT"]
[Date "2020.02.21"]
[Round "4.3"]
[White "Nakamura,Hi"]
[Black "So,W"]
[Result "1-0"]
[WhiteElo "2745"]
[BlackElo "2767"]

1.d4 Nf6 2.Nf3 d5 3.c4 dxc4 4.e3 e6 5.Bxc4 c5 6.O-O a6 7.dxc5 Bxc5 8.Qxd8+ Kxd8
9.Nbd2 Ke7 10.Be2 b6 11.Ne5 Bb7 12.Nd3 Nbd7 13.Nxc5 Nxc5 14.b3 a5 15.Ba3 Nd7
16.Nc4 Ba6 17.Nxb6 Bxe2 18.Rfe1 Bb5 19.Nxa8 Rxa8 20.Rac1 Rc8 21.Rc3 f6 22.Rec1 Kd6
23.Rd1+ Ke7 24.e4 Ke8 25.Rdc1  1-0

[Event "chess.com Speed 2019"]
[Site "chess.com INT"]
[Date "2020.02.21"]
[Round "4.20"]
[White "So,W"]
[Black "Nakamura,Hi"]
[Result "1/2-1/2"]
[WhiteElo "2767"]
[BlackElo "2745"]

1.e4 e5 2.Nf3 Nc6 3.Bb5 Nf6 4.d3 Bc5 5.Bxc6 dxc6 6.O-O Nd7 7.c3 O-O 8.d4 exd4
9.cxd4 Be7 10.Nc3 Nb6 11.h3 f5 12.Qb3+ Kh8 13.Ne5 Qe8 14.Re1 fxe4 15.Nxe4 Nd5
16.Bg5 Bb4 17.Nc3 Be6 18.Qc2 Qh5 19.Bd2 Nxc3 20.bxc3 Bd6 21.Ng6+ Qxg6 22.Qxg6 hxg6
23.Rxe6 Kh7 24.Rae1 Rf5 25.c4 c5 26.d5 b5 27.cxb5 Rxd5 28.Bc3 a6 29.a4 Rd3
30.Be5 axb5 31.axb5 Rb8 32.Rb1 Rd5 33.Bxd6 cxd6 34.b6 c4 35.b7 c3 36.Rc1 Rc5
37.Re3 c2 38.Re2 Rxb7 39.Rcxc2 Rxc2 40.Rxc2 Rb1+ 41.Kh2 Rd1 42.Kg3 Rd3+ 43.f3 d5
44.Kf4 Rd4+ 45.Ke3 Ra4 46.Rd2 Ra5 47.Kd4 Rb5 48.Ke5 Ra5 49.h4 d4+ 50.Kxd4 Ra4+  1/2-1/2

[Event "chess.com Speed 2019"]
[Site "chess.com INT"]
[Date "2020.02.21"]
[Round "4.19"]
[White "Nakamura,Hi"]
[Black "So,W"]
[Result "1-0"]
[WhiteElo "2745"]
[BlackElo "2767"]

1.d4 Nf6 2.c4 g6 3.Nf3 Bg7 4.e3 O-O 5.Be2 c5 6.d5 e6 7.O-O exd5 8.cxd5 d6
9.Nc3 Re8 10.Nd2 Na6 11.e4 Rb8 12.Re1 Bd7 13.a4 Nb4 14.h3 b6 15.Bf1 a6 16.Nc4 Bf8
17.Bf4 Bc8 18.e5 dxe5 19.Bxe5 Rxe5 20.Nxe5 Bb7 21.Nc6 Bxc6 22.dxc6  1-0

[Event "chess.com Speed 2019"]
[Site "chess.com INT"]
[Date "2020.02.21"]
[Round "4.18"]
[White "So,W"]
[Black "Nakamura,Hi"]
[Result "0-1"]
[WhiteElo "2767"]
[BlackElo "2745"]

1.e4 e5 2.Nf3 Nc6 3.Bb5 Nf6 4.d3 Bc5 5.Bxc6 dxc6 6.Nbd2 Be6 7.O-O Nd7 8.Nb3 Be7
9.d4 f6 10.Na5 Qc8 11.dxe5 fxe5 12.Ng5 Bxg5 13.Qh5+ Bf7 14.Qxg5 O-O 15.Rd1 Be6
16.b3 Rf6 17.Bb2 Rg6 18.Qe3 Bf7 19.Rd2 b6 20.Rad1 Nf8 21.Nc4 Bxc4 22.bxc4 Qe8
23.Qc3 Qf7 24.Qxe5 Re8 25.Qf5 Qxc4 26.f3 Qxa2 27.Be5 Re7 28.h4 Qe6 29.Qxe6+ Rgxe6
30.Bg3 Kf7 31.Rd8 Re8 32.Bxc7 Rxd8 33.Rxd8 Re8 34.Rd6 Rc8 35.Bd8 Ne6 36.Bg5 Nxg5
37.hxg5 Ke7 38.e5 a5 39.f4 a4 40.f5 a3 41.f6+ Kf8 42.Rd7 Ra8 43.fxg7+ Kg8
44.Rd1 Kxg7  0-1

[Event "chess.com Speed 2019"]
[Site "chess.com INT"]
[Date "2020.02.21"]
[Round "4.17"]
[White "Nakamura,Hi"]
[Black "So,W"]
[Result "0-1"]
[WhiteElo "2745"]
[BlackElo "2767"]

1.d4 Nf6 2.c4 g6 3.Nf3 Bg7 4.e3 O-O 5.Be2 c5 6.O-O cxd4 7.Nxd4 Nc6 8.Nc3 Nxd4
9.Qxd4 d6 10.Bf3 Be6 11.Qd3 Nd7 12.Bd5 Nc5 13.Qe2 Bxc3 14.bxc3 Qa5 15.Bd2 Rac8
16.e4 Rfe8 17.Qf3 Qa4 18.Rfe1 f6 19.h4 h5 20.Qe3 Kf7 21.Qf3 Qc2 22.Bf4 Bxd5
23.exd5 Nd3 24.Re3 Rxc4 25.Rxd3 Rxf4 26.Qxf4 Qxd3 27.Qh6 Rg8 28.Re1 Qxd5
29.Qh7+ Rg7 30.Qh8 Rg8 31.Qh7+ Rg7 32.Qh8 e5 33.Qc8 Qc6 34.Qb8 g5 35.Qh8 gxh4
36.Qxh5+ Ke7 37.f3 Qc5+ 38.Kh1 Qf2 39.Rg1 Qg3 40.Qf5 h3 41.Qxh3 Qxh3+ 42.gxh3 Rxg1+
43.Kxg1 Kf7  0-1

[Event "chess.com Speed 2019"]
[Site "chess.com INT"]
[Date "2020.02.21"]
[Round "4.16"]
[White "So,W"]
[Black "Nakamura,Hi"]
[Result "1-0"]
[WhiteElo "2767"]
[BlackElo "2745"]

1.e4 e5 2.Nf3 Nc6 3.Bb5 Nf6 4.d3 Bc5 5.Bxc6 dxc6 6.Nbd2 Be6 7.O-O Bd6 8.b3 O-O
9.Nc4 Nd7 10.Ng5 Bxc4 11.bxc4 h6 12.Nf3 Re8 13.Rb1 Rb8 14.a4 a5 15.Bd2 b6
16.Kh1 Nc5 17.Ra1 Ne6 18.g3 Bf8 19.Nxe5 Nd4 20.f4 Ra8 21.c3 Ne6 22.d4 Qd6
23.Ng4 Nxd4 24.e5 Qd8 25.cxd4 Qxd4 26.Qc2 h5 27.Be3 Qd7 28.Nf2 f6 29.Ne4 b5
30.Rae1 bxa4 31.exf6 a3 32.f7+  1-0

[Event "chess.com Speed 2019"]
[Site "chess.com INT"]
[Date "2020.02.21"]
[Round "4.9"]
[White "Nakamura,Hi"]
[Black "So,W"]
[Result "1-0"]
[WhiteElo "2745"]
[BlackElo "2767"]

1.d4 Nf6 2.Bg5 d5 3.Nc3 c5 4.e3 e6 5.Nf3 a6 6.a3 h6 7.Bh4 Nbd7 8.Bd3 b5 9.O-O Bb7
10.Ne5 Be7 11.f4 Qb6 12.Bf2 Rd8 13.Qf3 O-O 14.Qh3 Ne4 15.Nxe4 dxe4 16.Be2 cxd4
17.exd4 Nxe5 18.fxe5 Qc6 19.c3 f5 20.exf6 Bxf6 21.Bg4 Bc8 22.Rad1 a5 23.Be3 b4
24.cxb4 axb4 25.Rc1 Qa6 26.Rxc8 Rxc8 27.Bxe6+ Kh8 28.Bxc8 Rxc8 29.Bxh6 Kg8
30.Rxf6 gxf6 31.Qd7  1-0

[Event "chess.com Speed 2019"]
[Site "chess.com INT"]
[Date "2020.02.21"]
[Round "4.13"]
[White "Nakamura,Hi"]
[Black "So,W"]
[Result "1/2-1/2"]
[WhiteElo "2745"]
[BlackElo "2767"]

1.e4 e5 2.Nf3 Nf6 3.Nc3 Nc6 4.a3 d5 5.exd5 Nxd5 6.Bb5 Nxc3 7.bxc3 Bd6 8.d4 exd4
9.Qe2+ Qe7 10.Qxe7+ Bxe7 11.Ne5 a6 12.Ba4 Bd7 13.Bxc6 Bxc6 14.Nxc6 bxc6 15.cxd4 O-O-O
16.Be3  1/2-1/2

[Event "chess.com Speed 2019"]
[Site "chess.com INT"]
[Date "2020.02.21"]
[Round "4.31"]
[White "Nakamura,Hi"]
[Black "So,W"]
[Result "1-0"]
[WhiteElo "2745"]
[BlackElo "2767"]

1.e4 e5 2.Nc3 Nf6 3.Bc4 Nxe4 4.Qh5 Nd6 5.Qxe5+ Qe7 6.Qxe7+ Bxe7 7.Bb3 Nf5
8.Nd5 Bd8 9.Ne2 c6 10.Ne3 d5 11.Nxf5 Bxf5 12.d3 O-O 13.Be3 Re8 14.O-O Bb6
15.Ng3 Bxe3 16.fxe3 Be6 17.e4 dxe4 18.Nxe4 Bxb3 19.axb3 Na6 20.Nd6 Re7 21.Rae1 Rd7
22.Nf5 g6 23.Ne3 Nb4 24.Ng4 Kg7 25.Re2 f5 26.Nf2 a5 27.Rfe1 Kf7 28.g4 a4
29.bxa4 Rxa4 30.gxf5 gxf5 31.d4 Nd5 32.Nd3 Rd8 33.c3 Raa8 34.Rf2 Rg8+ 35.Kf1 Rg5
36.Re5 Kf6 37.Nc5 Ra1+ 38.Ke2 Kg6 39.Ne6 Rgg1 40.Nf8+ Kg7 41.Rexf5 Rad1 42.Ne6+ Kg6
43.Re5 Rge1+ 44.Kf3 Rd3+ 45.Kg4 Ne3+ 46.Kh4 Rdd1 47.Rg5+  1-0

[Event "chess.com Speed 2019"]
[Site "chess.com INT"]
[Date "2020.02.21"]
[Round "4.32"]
[White "So,W"]
[Black "Nakamura,Hi"]
[Result "0-1"]
[WhiteElo "2767"]
[BlackElo "2745"]

1.e4 e5 2.Nf3 Nc6 3.Bb5 Nf6 4.d3 Bc5 5.Bxc6 dxc6 6.O-O Nd7 7.Nbd2 O-O 8.Nc4 Re8
9.a4 Bd6 10.Kh1 Nf8 11.Rg1 Ng6 12.g4 b5 13.Ne3 Bc5 14.Qe1 Nf4 15.Nf5 Nh3
16.Rg2 g6 17.Qf1 Kh8 18.Be3 Bd6 19.Rg3 Nf4 20.Nh6 Rf8 21.Bxf4 exf4 22.Rg1 f6
23.g5 Kg7 24.gxf6+ Qxf6 25.Ng4 Qxb2 26.e5 Bxg4 27.Rxg4 Bxe5 28.Rb1 Qc3 29.axb5 cxb5  0-1

[Event "chess.com Speed 2019"]
[Site "chess.com INT"]
[Date "2020.02.21"]
[Round "4.25"]
[White "Nakamura,Hi"]
[Black "So,W"]
[Result "1-0"]
[WhiteElo "2745"]
[BlackElo "2767"]

1.Nf3 Nf6 2.d4 d5 3.c4 e6 4.Nc3 Be7 5.Bf4 O-O 6.e3 Nbd7 7.c5 Nh5 8.Bd3 Nxf4
9.exf4 b6 10.b4 a5 11.a3 c6 12.O-O Ba6 13.g3 Bf6 14.Ne5 Bxe5 15.fxe5 Qc8
16.Rb1 axb4 17.axb4 Bxd3 18.Qxd3 Ra3 19.Rb2 Qb7 20.Qc2 Rfa8 21.Rfb1 Nf8 22.Ne2 Ra1
23.Qc1 Rxb1 24.Qxb1 Ng6 25.Ra2 bxc5 26.Rxa8+ Qxa8 27.bxc5 h5 28.h3 Qa6 29.Qd1 Ne7
30.Nf4 g6 31.g4 hxg4 32.hxg4 Qc4 33.Ng2 g5 34.Qd2 Ng6 35.Kh2 Kg7 36.f3 f6
37.Kg3 fxe5 38.dxe5 Qxc5 39.Qxg5 Qe7 40.Qxe7+ Nxe7 41.Nf4 Kf7 42.Nd3 Ng6
43.f4 Nf8 44.Nc5 Ng6 45.Kf3 Ke7 46.Nd3 Nf8 47.f5 Nd7 48.Kf4 c5 49.g5 c4 50.Nb4 d4
51.g6 exf5 52.g7  1-0

[Event "chess.com Speed 2019"]
[Site "chess.com INT"]
[Date "2020.02.21"]
[Round "4.8"]
[White "So,W"]
[Black "Nakamura,Hi"]
[Result "1/2-1/2"]
[WhiteElo "2767"]
[BlackElo "2745"]

1.e4 e5 2.Nf3 Nc6 3.Bc4 Bc5 4.c3 Nf6 5.d3 d6 6.O-O h6 7.Re1 O-O 8.Nbd2 a5
9.h3 Bb6 10.Nf1 Be6 11.Bb5 Ne7 12.d4 exd4 13.Nxd4 Bd7 14.Bxd7 Qxd7 15.Ng3 Rae8
16.Qf3 Kh7 17.Be3 Ng6 18.c4 Nh4 19.Qf4 Ng6 20.Qf3 Nh4 21.Qf4 Ng6 22.Qf5 Qxf5
23.Ndxf5 Bxe3 24.Rxe3 Nd7 25.b3 Nc5 26.Rd1 Ne7 27.Nd4 Ne6 28.Nb5 Nc6 29.f4 Re7
30.Nf5 Rd7 31.g3 g6 32.Nfd4 Ncxd4 33.Nxd4 Nxd4 34.Rxd4 Re7 35.Kf2 Rfe8 36.Kf3 f5
37.g4 Kg7 38.gxf5 gxf5 39.e5 Kf7 40.Rd5 b6 41.Re2 Re6 42.a3 R8e7 43.exd6 Rxe2
44.dxe7 Rb2 45.Rxf5+ Kxe7 46.Re5+ Kf6 47.Rb5 a4 48.bxa4 Ra2 49.Rb3 Rc2 50.Rb4 Rc3+
51.Kg4 Rxa3 52.c5 bxc5 53.Rc4 h5+ 54.Kh4 Kf5 55.Rxc5+ Kxf4 56.a5 Ke4 57.Rc4+ Kd5
58.Rxc7 Rxa5 59.Rg7 Ke6 60.Rg5 Rxg5 61.Kxg5 Kf7 62.Kxh5 Kg8 63.Kg6 Kh8 64.h4 Kg8
65.h5 Kh8 66.h6 Kg8 67.h7+ Kh8 68.Kh6  1/2-1/2

[Event "chess.com Speed 2019"]
[Site "chess.com INT"]
[Date "2020.02.21"]
[Round "4.24"]
[White "So,W"]
[Black "Nakamura,Hi"]
[Result "1/2-1/2"]
[WhiteElo "2767"]
[BlackElo "2745"]

1.e4 e5 2.Nf3 Nc6 3.Bb5 Nf6 4.d3 Bc5 5.Bxc6 dxc6 6.Nbd2 Be6 7.O-O Bd6 8.b3 O-O
9.Nc4 Nd7 10.Ng5 Qe7 11.Qh5 h6 12.Nxe6 Qxe6 13.f4 f5 14.Qh3 Rae8 15.fxe5 Bxe5
16.Nxe5 Qxe5 17.Ba3 c5 18.Rad1 Qd4+ 19.Kh1 fxe4 20.dxe4 Rxf1+ 21.Rxf1 Rxe4
22.Qf5 Re7 23.h3 b6 24.Bc1 Qe4 25.Qf2 Qg6 26.Bb2 Rf7 27.Qxf7+ Qxf7 28.Rxf7 Kxf7
29.Kg1 Nf6 30.Kf2 Nd5 31.a3 g6 32.c4 Nf4 33.Bc3 Ke6 34.Kf3 Nd3 35.Ke4 Nf2+
36.Kf3 Nd3 37.Ke4 Nf2+ 38.Kf3 Nd3  1/2-1/2

[Event "chess.com Speed 2019"]
[Site "chess.com INT"]
[Date "2020.02.21"]
[Round "4.10"]
[White "So,W"]
[Black "Nakamura,Hi"]
[Result "1-0"]
[WhiteElo "2767"]
[BlackElo "2745"]

1.e4 e5 2.Nf3 Nc6 3.Bb5 Nf6 4.d3 Bc5 5.Bxc6 dxc6 6.O-O Qe7 7.Nbd2 Bg4 8.h3 Bh5
9.Nc4 Nd7 10.a3 f6 11.b4 Bd6 12.Ne3 Nf8 13.c4 Qd7 14.c5 Be7 15.Nxe5 Bxd1
16.Nxd7 Be2 17.Re1 Bxd3 18.Nxf8 Rxf8 19.Nf5 Rf7 20.Bf4 Bf8 21.Rad1 Rd8 22.e5 Bxf5
23.exf6+ Be7 24.Rxd8+ Kxd8 25.fxe7+ Ke8 26.Bxc7 Rxe7 27.Be5 Kf7 28.g4 Be6
29.f4 g6 30.Kf2 Bd5 31.Kg3 Re8 32.Rd1 a6 33.Kh4 h6 34.Kg3 g5 35.Rf1 gxf4+
36.Rxf4+ Kg8 37.Rf5 Bf7 38.Kf4 Bg6 39.Rf6 Rf8 40.h4 h5 41.Kg5 Bf7 42.Rh6  1-0